Statistics for 2002 Champions League Final Bayer Leverkusen - Real Madrid

Click here to take the quiz!

General Stats

  • This quiz has been taken 272 times
  • The average score is 13 of 30

Answer Stats

Player% Correct
Zinedine Zidane ¹
94%
Iker Casillas
92%
Raúl ¹
92%
Roberto Carlos
90%
Fernando Hierro
84%
Fernando Morientes
74%
Luís Figo
71%
Michael Ballack
71%
Claude Makélélé
64%
Míchel Salgado
62%
Lúcio ¹
56%
Vicente del Bosque
56%
Iván Helguera
52%
Steve McManaman
43%
Santiago Solari
37%
César
36%
Hans-Jörg Butt
36%
Dimitar Berbatov
27%
Oliver Neuville
27%
Bernd Schneider
24%
Carsten Ramelow
23%
Diego Placente
17%
Yıldıray Baştürk
17%
Klaus Toppmöller
16%
Ulf Kirsten
16%
Flávio Conceição
14%
Boris Živković
13%
Thomas Brdarić
13%
Zoltán Sebescen
13%
Marko Babić
10%

Score Distribution

Percentile by Number Answered

Percent of People with Each Score

Your Score History

You have not taken this quiz